رجال المخابرات الأمريكية : (رقم التسجيلة. 8822)

تفاصيل مارك
000 -LEADER
fixed length control field 00575nam a22001697a 4500
005 - DATE AND TIME OF LATEST TRANSACTION
control field 20251108164313.0
008 - FIXED-LENGTH DATA ELEMENTS--GENERAL INFORMATION
fixed length control field 250721s1992 xx 000 0 ara d
082 14 - DEWEY DECIMAL CLASSIFICATION NUMBER
Classification number 355.3432/سعي
100 1# - MAIN ENTRY--PERSONAL NAME
Personal name الجزائري، سعيد
245 10 - TITLE STATEMENT
Title رجال المخابرات الأمريكية :
Remainder of title عملاء ال CIA /
264 1# - PRODUCTION, PUBLICATION, DISTRIBUTION, MANUFACTURE, AND COPYRIGHT NOTICE
Place of production, publication, distribution, manufacture بيروت :
Name of producer, publisher, distributor, manufacturer دار الجيل،
Date of production, publication, distribution, manufacture, or copyright notice 1992.
300 ## - PHYSICAL DESCRIPTION
Extent 256ص
490 0# - SERIES STATEMENT
Series statement الكتب عن أعمال الجاسوسية العالمية
650 17 - SUBJECT ADDED ENTRY--TOPICAL TERM
Topical term or geographic name as entry element وكالة الإستخبارات المركزية
942 ## - ADDED ENTRY ELEMENTS (KOHA)
Source of classification or shelving scheme Dewey Decimal Classification
Koha item type كتب
المقتنيات
حالة السحب حالة الفقدان مصدر التصنيف حالة التلف غير قابل للإعارة المكتبة الرئيسية المكتبة الحالية موقع الرف تاريخ التزويد الرقم المتسلسل Total Checkouts رقم الإستدعاء الباركود تاريخ آخر ظهور تاريخ الفاتورة نوع المادة (كوها)
    Dewey Decimal Classification     مكتبة البراعم الواعدة مكتبة البراعم الواعدة الإعارة 15/11/2015 1474029   355.3432/سعي PLD00364761 28/07/2025 15/11/2015 كتب
Implemented & Customized by: BBB with SCIT (Smart Chains for Information Technology)

Powered by Koha